| 000 | 00597nam a2200193 a 4500 | ||
|---|---|---|---|
| 001 | 000016008 | ||
| 005 | 20200929164233.0 | ||
| 040 | _aDO-SdBNP | ||
| 082 |
_axxx _bH867p |
||
| 100 | 1 |
_aHoxeng, James _935955 |
|
| 245 | 1 | 0 |
_aPermitan que Jorge lo haga / _cJames Hoxeng ; prólogo David R. Evans ; traducción Elena Donoso. |
| 260 |
_aSanto Domingo : _bEditorial Perfil, _c1978. |
||
| 300 |
_a165 p. : _bil. ; _c22 cm. |
||
| 500 | _aIncluye notas al pie de las páginas | ||
| 534 | _aLet Jorge do it | ||
| 700 | 1 |
_aEvans, David R., _epról. _935956 |
|
| 700 | 1 |
_aDonoso, Elena _935957 |
|
| 049 | _aBNPD | ||
| 999 |
_c15550 _d15550 |
||